| 000 | 00760nam a2200253 i 4500 | ||
|---|---|---|---|
| 001 | 17330 | ||
| 003 | ES-MaACL | ||
| 005 | 20250801143532.0 | ||
| 007 | t| | ||
| 008 | 010130s2000 sp ||||1| spa d | ||
| 020 | _a84-376-1830-4 | ||
| 080 | _a028.9(4)"14/15" | ||
| 080 | _a316.7:82 | ||
| 100 | 1 |
_aChartier, Roger. _938140 |
|
| 245 | 1 | 0 |
_aEntre poder y placer _b: cultura escrita y literatura en la Edad Moderna / _cRoger Chartier. |
| 260 |
_aMadrid : _bCátedra, _c[2000] |
||
| 300 |
_a219 p. ; _c21 cm. |
||
| 490 | 1 | _aHistoria. Serie menor | |
| 650 | 1 | 4 |
_aLectura- _zEuropa- _yS.XV-XVI. _914065 |
| 650 | 1 | 7 |
_aLiteratura y sociedad _2embne _914679 |
| 830 | 1 |
_aHistoria. Serie menor _9178513 |
|
| 852 |
_aES-MaACL _jL-24143 |
||
| 999 |
_c17330 _d17330 |
||